[Event "Hilton Open 2012"]
[Site "Basel"]
[Date "2012.01.01"]
[Round "1"]
[White "Enchev, Ivajlo"]
[Black "Staechelin, Ruedi"]
[Result "1-0"]
[WhiteElo "2430"]
[BlackElo "2079"]
[PlyCount "81"]
[EventDate "2012.??.??"]
[EventRounds "7"]
[EventCountry "SUI"]
[SourceDate "2012.01.01"]

1. d4 d5 2. c4 c6 3. Nc3 Nf6 4. Nf3 e6 5. e3 Nbd7 6. Qc2 Be7 7. Bd3 O-O 8. O-O
h6 9. Rd1 b6 10. b3 Bb7 11. Bb2 Rc8 12. Qe2 Re8 13. Rac1 Bf8 14. Bb1 Qe7 15.
Ne5 Nxe5 16. dxe5 Nd7 17. f4 g6 18. Kh1 Bg7 19. cxd5 cxd5 20. e4 dxe4 21. Nxe4
Rxc1 22. Bxc1 Bxe4 23. Qxe4 Nc5 24. Qd4 Rc8 25. Be3 Bf8 26. Qc4 Rd8 27. Rxd8
Qxd8 28. Bc2 Qd7 29. Kg1 Kg7 30. b4 b5 31. Qd4 Qxd4 32. Bxd4 Na4 33. a3 Nb6 34.
Bd3 Nc4 35. Bxc4 bxc4 36. Bxa7 f6 37. Kf2 fxe5 38. fxe5 Kf7 39. Ke3 Ke8 40. Kd4
Bg7 41. Bb8 1-0

[Event "Hilton Open 2012"]
[Site "Basel"]
[Date "2012.01.01"]
[Round "1"]
[White "Graeber, Fabien"]
[Black "Milliet, Sophie"]
[Result "1-0"]
[WhiteElo "2074"]
[BlackElo "2404"]
[PlyCount "49"]
[EventDate "2012.??.??"]
[EventRounds "7"]
[EventCountry "SUI"]
[SourceDate "2012.01.01"]

1. c4 Nf6 2. Nc3 c5 3. Nf3 e6 4. d4 cxd4 5. Nxd4 Nc6 6. g3 Qb6 7. Nb3 Ne5 8. e4
Bb4 9. Qe2 O-O 10. Bd2 d6 11. O-O-O a5 12. f4 a4 13. Be3 Qa6 14. Nd4 a3 15.
Ncb5 axb2+ 16. Qxb2 Nc6 17. Nc2 Qa4 18. Nxb4 Nxb4 19. a3 Nc6 20. Bd3 d5 21.
cxd5 exd5 22. Bc2 Qc4 23. exd5 Na5 24. Rd4 Qe2 25. Bxh7+ 1-0

[Event "Hilton Open 2012"]
[Site "Basel"]
[Date "2012.01.01"]
[Round "1"]
[White "Lekic, Dusan"]
[Black "Paul, Mathias"]
[Result "1-0"]
[WhiteElo "2402"]
[BlackElo "2073"]
[PlyCount "69"]
[EventDate "2012.??.??"]
[EventRounds "7"]
[EventCountry "SUI"]
[SourceDate "2012.01.01"]

1. d4 Nf6 2. c4 g6 3. Nc3 Bg7 4. e4 d6 5. Nf3 O-O 6. Be2 e5 7. O-O Nc6 8. d5
Ne7 9. b4 Nh5 10. Re1 a5 11. bxa5 Rxa5 12. Nd2 Nf4 13. Bf1 b6 14. a4 Bd7 15.
Nb5 f5 16. g3 Nh5 17. exf5 Nxf5 18. g4 Nh4 19. Ra3 Nf4 20. Ne4 Qc8 21. h3 h5
22. Rg3 Kh8 23. Ree3 Bh6 24. Ra3 Rf7 25. Bb2 Qf8 26. g5 Bg7 27. Nxc7 Bxh3 28.
Rxh3 Nxh3+ 29. Rxh3 Rxc7 30. Rxh4 Rca7 31. Bh3 Qd8 32. Be6 Bf8 33. Nf6 Kg7 34.
Nxh5+ gxh5 35. Qxh5 1-0

[Event "Hilton Open 2012"]
[Site "Basel"]
[Date "2012.01.01"]
[Round "1"]
[White "Bender, Dirk"]
[Black "Dann, Matthias"]
[Result "1/2-1/2"]
[WhiteElo "2069"]
[BlackElo "2381"]
[PlyCount "86"]
[EventDate "2012.??.??"]
[EventRounds "7"]
[EventCountry "SUI"]
[SourceDate "2012.01.01"]

1. c4 g6 2. g3 Bg7 3. Bg2 d6 4. e3 Nf6 5. Nc3 O-O 6. Nge2 c5 7. O-O Nc6 8. d3
Bd7 9. a3 Qc8 10. Nf4 Kh8 11. Rb1 h6 12. b4 g5 13. b5 Ne5 14. Nfd5 Nxd5 15.
cxd5 Bg4 16. Ne2 Bf3 17. Bxf3 Nxf3+ 18. Kg2 g4 19. Ng1 Nxg1 20. Kxg1 e5 21. e4
f5 22. f3 gxf3 23. Rxf3 c4 24. Be3 a6 25. b6 f4 26. Bf2 cxd3 27. Rc1 Qg4 28.
Qxd3 Rf7 29. Kg2 Raf8 30. h3 Qg6 31. g4 h5 32. Rh1 hxg4 33. hxg4+ Kg8 34. Kf1
Qxg4 35. Rg1 Qd7 36. Rh3 Rc8 37. Qf3 Rc1+ 38. Kg2 Rxg1+ 39. Bxg1 Rf6 40. Kh2
Rg6 41. Bf2 Qa4 42. Qe2 Bf8 43. Qh5 Rh6 1/2-1/2

[Event "Hilton Open 2012"]
[Site "Basel"]
[Date "2012.01.01"]
[Round "1"]
[White "Schmidt Schaeffer, Sebastian"]
[Black "Ditzler, Juerg"]
[Result "1-0"]
[WhiteElo "2376"]
[BlackElo "2061"]
[PlyCount "59"]
[EventDate "2012.??.??"]
[EventRounds "7"]
[EventCountry "SUI"]
[SourceDate "2012.01.01"]

1. f4 c5 2. Nf3 g6 3. e3 Bg7 4. Be2 Nf6 5. O-O O-O 6. a4 Nc6 7. d4 cxd4 8. exd4
Qb6 9. c3 d6 10. Nbd2 Bg4 11. Nc4 Qc7 12. Ne3 Bxf3 13. Bxf3 Rad8 14. f5 e5 15.
fxe6 fxe6 16. Ng4 e5 17. Bg5 exd4 18. Bxc6 dxc3 19. Nxf6+ Kh8 20. Bd5 cxb2 21.
Rb1 Qc3 22. Qf3 Qe5 23. Qf4 Qxf4 24. Rxf4 h6 25. Rf3 Rc8 26. Rxb2 b6 27. Rbf2
Rc5 28. Be3 Ra5 29. Bc6 Re5 30. Bd4 1-0

[Event "Hilton Open 2012"]
[Site "Basel"]
[Date "2012.01.01"]
[Round "1"]
[White "Minko, Vladimir"]
[Black "Filipovic, Branko"]
[Result "0-1"]
[WhiteElo "2038"]
[BlackElo "2374"]
[PlyCount "55"]
[EventDate "2012.??.??"]
[EventRounds "7"]
[EventCountry "SUI"]
[SourceDate "2012.01.01"]

1. d4 Nf6 2. c4 b6 3. Nf3 Bb7 4. g3 g6 5. Bg2 Bg7 6. Nc3 Ne4 7. O-O Nxc3 8.
bxc3 O-O 9. Bf4 d6 10. Qc1 Nc6 11. Bh6 Na5 12. Bxg7 Kxg7 13. c5 e6 14. Qf4 Qe7
15. cxd6 cxd6 16. e4 Rac8 17. Rac1 Nc4 18. e5 Bxf3 19. Bxf3 dxe5 20. dxe5 Rc5
21. Rfe1 g5 22. Qe4 Nxe5 23. Bg2 Rd8 24. Rcd1 Ng6 25. Qa4 Rxd1 26. Rxd1 Rxc3
27. Be4 Ne5 28. Kg2 0-1

[Event "Hilton Open 2012"]
[Site "Basel"]
[Date "2012.01.01"]
[Round "1"]
[White "Wirthensohn, Heinz"]
[Black "Suter, Stephan"]
[Result "1-0"]
[WhiteElo "2352"]
[BlackElo "2032"]
[PlyCount "71"]
[EventDate "2012.??.??"]
[EventRounds "7"]
[EventCountry "SUI"]
[SourceDate "2012.01.01"]

1. Nf3 Nf6 2. c4 d6 3. Nc3 g6 4. e4 Bg7 5. d4 O-O 6. Be2 e5 7. O-O Nc6 8. d5
Ne7 9. Kh1 c5 10. a3 Kh8 11. b4 b6 12. Rb1 Neg8 13. bxc5 bxc5 14. Qa4 Qe7 15.
Bd2 Bh6 16. Rb2 Nh5 17. Rfb1 Bxd2 18. Nxd2 Nf4 19. Bf1 f5 20. Rb8 Rxb8 21. Rxb8
Nf6 22. Qc6 Bd7 23. Qa8 Rxb8 24. Qxb8+ Kg7 25. g3 N4h5 26. Qxa7 Ng4 27. Kg1 Kf7
28. a4 Ng7 29. Qb8 fxe4 30. Ndxe4 Nf5 31. h3 Nf6 32. a5 Nxe4 33. Nxe4 h5 34. a6
Nd4 35. a7 Nf3+ 36. Kh1 1-0

[Event "Hilton Open 2012"]
[Site "Basel"]
[Date "2012.01.01"]
[Round "1"]
[White "Moos, Gerd"]
[Black "Toth, Bela"]
[Result "0-1"]
[WhiteElo "2016"]
[BlackElo "2350"]
[PlyCount "40"]
[EventDate "2012.??.??"]
[EventRounds "7"]
[EventCountry "SUI"]
[SourceDate "2012.01.01"]

1. e4 c5 2. c3 Nf6 3. e5 Nd5 4. d4 cxd4 5. cxd4 Nc6 6. Nf3 e6 7. Nc3 Nxc3 8.
bxc3 Be7 9. Bd3 d6 10. O-O dxe5 11. dxe5 O-O 12. Qe2 Qc7 13. Qe4 g6 14. Re1 Rd8
15. Bg5 Nxe5 16. Bxe7 Nxf3+ 17. Qxf3 Qxe7 18. Rad1 Rb8 19. Qg3 Bd7 20. h4 Ba4
0-1

[Event "Hilton Open 2012"]
[Site "Basel"]
[Date "2012.01.01"]
[Round "1"]
[White "Grandadam, Nicolas"]
[Black "Deubelbeiss, Rene"]
[Result "1-0"]
[WhiteElo "2342"]
[BlackElo "2007"]
[PlyCount "49"]
[EventDate "2012.??.??"]
[EventRounds "7"]
[EventCountry "SUI"]
[SourceDate "2012.01.01"]

1. Nf3 d6 2. d4 Bg4 3. c4 Nd7 4. e4 c5 5. Be2 g6 6. Nc3 Bg7 7. Be3 cxd4 8. Bxd4
Ngf6 9. O-O O-O 10. h3 Bxf3 11. Bxf3 Qc7 12. Rc1 a6 13. Re1 Rac8 14. Be2 Qa5
15. a3 Qg5 16. Be3 Qa5 17. Bd4 Qg5 18. Bf1 Rc7 19. Be3 Qa5 20. Bd2 Qb6 21. b4
Qd4 22. Qe2 Rfc8 23. Be3 Qe5 24. f4 Qh5 25. g4 1-0

[Event "Hilton Open 2012"]
[Site "Basel"]
[Date "2012.01.01"]
[Round "1"]
[White "Spiess, Thomas"]
[Black "Milosevic, Goran"]
[Result "0-1"]
[WhiteElo "2002"]
[BlackElo "2340"]
[PlyCount "108"]
[EventDate "2012.??.??"]
[EventRounds "7"]
[EventCountry "SUI"]
[SourceDate "2012.01.01"]

1. d4 Nf6 2. e3 e6 3. Nf3 b6 4. Bd3 Bb7 5. O-O Be7 6. c4 O-O 7. Nc3 d6 8. e4
Nbd7 9. Bf4 g6 10. Qe2 Re8 11. Rad1 a6 12. Bc2 Qc8 13. h3 c5 14. d5 e5 15. Bg5
Nh5 16. Qd2 Bxg5 17. Qxg5 Qd8 18. g3 Qxg5 19. Nxg5 h6 20. Nf3 Reb8 21. Ba4 Ndf6
22. Nd2 Bc8 23. Kh2 g5 24. Bc6 Ra7 25. a3 Bd7 26. Bxd7 Nxd7 27. a4 Nf8 28. Ra1
Ng6 29. Ra3 Ng7 30. Rb3 a5 31. Nb5 Rd7 32. g4 f6 33. Re1 h5 34. Nf1 Kf7 35. Rg3
Rh8 36. Kg1 Nf4 37. Ree3 Ne8 38. Nc3 Kf8 39. Ref3 hxg4 40. Rxg4 Nxh3+ 41. Kg2
Nf4+ 42. Kg1 Rdh7 43. Ng3 Ke7 44. Nf5+ Kd7 45. Kf1 Ng7 46. Nxg7 Rxg7 47. Rg1
Rgh7 48. Ne2 Rh2 49. Nxf4 exf4 50. Rb3 Kc7 51. Rc3 R8h3 52. Rxh3 Rxh3 53. Kg2
g4 54. Rd1 Kd7 0-1

[Event "Hilton Open 2012"]
[Site "Basel"]
[Date "2012.01.01"]
[Round "1"]
[White "Kolbus, Dietmar"]
[Black "Sand, Rolf"]
[Result "1-0"]
[WhiteElo "2325"]
[BlackElo "2000"]
[PlyCount "147"]
[EventDate "2012.??.??"]
[EventRounds "7"]
[EventCountry "SUI"]
[SourceDate "2012.01.01"]

1. c4 c5 2. Nf3 Nc6 3. d4 cxd4 4. Nxd4 Qb6 5. Nb3 e6 6. a3 Nf6 7. Nc3 d5 8. Be3
Qd8 9. cxd5 exd5 10. g3 Be7 11. Bg2 Be6 12. O-O O-O 13. Nd4 Ne5 14. Qb3 Qd7 15.
Nxe6 fxe6 16. Rad1 Rfc8 17. Bf4 Nc4 18. e4 d4 19. Ne2 Na5 20. Qa2 d3 21. Nc1
Nc4 22. Rxd3 Qb5 23. Rb3 Qa6 24. Bf3 e5 25. Bg5 Kh8 26. Be2 b5 27. Rc3 h6 28.
Bxf6 Bxf6 29. Bxc4 bxc4 30. Ne2 Qc6 31. Rfc1 Qxe4 32. Rxc4 Qb7 33. Rxc8+ Rxc8
34. Rxc8+ Qxc8 35. Qb1 Qc4 36. Nc3 e4 37. Qxe4 Qxe4 38. Nxe4 Bxb2 39. a4 Kg8
40. Kf1 Kf7 41. Ke2 Ke6 42. Kd3 Kd5 43. h4 Ba1 44. h5 Bb2 45. f4 Ba1 46. Nd2
Bd4 47. Nc4 Bf2 48. Ne3+ Ke6 49. Ke4 Be1 50. Nf5 Kf6 51. g4 Bc3 52. Nd4 a6 53.
Nb3 Bb4 54. Kd5 a5 55. Nc5 Ba3 56. Ne4+ Kf7 57. Ke5 Bb2+ 58. Kf5 Ba3 59. Nd2
Bb4 60. Nc4 Be1 61. Ne5+ Kg8 62. Ke6 Bd2 63. Ng6 Bc1 64. Ke7 Ba3+ 65. Ke8 Bc1
66. Ne7+ Kh7 67. f5 Bb2 68. Kf7 Bf6 69. Nd5 Bd4 70. f6 gxf6 71. Nxf6+ Kh8 72.
Kg6 Be3 73. Ne8 Bf4 74. Ng7 1-0

[Event "Hilton Open 2012"]
[Site "Basel"]
[Date "2012.01.01"]
[Round "1"]
[White "Moser, Guido"]
[Black "Lutz, Bernhard"]
[Result "1/2-1/2"]
[WhiteElo "1994"]
[BlackElo "2321"]
[PlyCount "54"]
[EventDate "2012.??.??"]
[EventRounds "7"]
[EventCountry "SUI"]
[SourceDate "2012.01.01"]

1. d4 Nf6 2. Nf3 e6 3. e3 b6 4. Bd3 Bb7 5. Nbd2 c5 6. O-O Be7 7. c3 O-O 8. e4
cxd4 9. cxd4 Ba6 10. Qe2 Bxd3 11. Qxd3 d5 12. e5 Nfd7 13. Nb3 Nc6 14. a3 Rc8
15. Bd2 h6 16. Rac1 f5 17. Qb5 Ndb8 18. Rc3 a6 19. Qd3 Qd7 20. Rfc1 Na7 21.
Rxc8 Rxc8 22. Rxc8+ Qxc8 23. Ne1 a5 24. g4 fxg4 25. Qg6 Kh8 26. Qxg4 a4 27. Nc1
Nb5 1/2-1/2

[Event "Hilton Open 2012"]
[Site "Basel"]
[Date "2012.01.01"]
[Round "1"]
[White "Metz, Hartmut"]
[Black "Goettelmann, Guillaume"]
[Result "1-0"]
[WhiteElo "2319"]
[BlackElo "1991"]
[PlyCount "77"]
[EventDate "2012.??.??"]
[EventRounds "7"]
[EventCountry "SUI"]
[SourceDate "2012.01.01"]

1. e4 e5 2. f4 Bc5 3. Nf3 d6 4. Nc3 Nf6 5. Bc4 Nc6 6. d3 Bg4 7. Na4 O-O 8. Nxc5
dxc5 9. Be3 Qd6 10. Qd2 Bxf3 11. gxf3 Nd4 12. Bxd4 cxd4 13. fxe5 Qxe5 14. Rg1
Qh5 15. O-O-O Kh8 16. Qf4 Qh6 17. Qxh6 gxh6 18. Rg3 c6 19. a4 Nh5 20. Rg4 f5
21. Rh4 Ng7 22. e5 f4 23. Re1 Rae8 24. Re4 Ne6 25. Bxe6 Rxe6 26. Rxd4 Rxe5 27.
Rhxf4 Rxf4 28. Rxf4 Re2 29. h4 Rh2 30. b4 Kg7 31. Kb2 Kg6 32. Kb3 Kh5 33. Rf7
Rxh4 34. Rxb7 Rf4 35. Rxa7 Kg6 36. Rc7 h5 37. Rxc6+ Kg7 38. Re6 h4 39. Re2 1-0

[Event "Hilton Open 2012"]
[Site "Basel"]
[Date "2012.01.01"]
[Round "1"]
[White "Thomasson, Staffan"]
[Black "Vulevic, Vjekoslav"]
[Result "0-1"]
[WhiteElo "1988"]
[BlackElo "2294"]
[PlyCount "94"]
[EventDate "2012.??.??"]
[EventRounds "7"]
[EventCountry "SUI"]
[SourceDate "2012.01.01"]

1. c4 e5 2. g3 f5 3. Bg2 Nf6 4. Nc3 Bc5 5. d3 O-O 6. Nf3 Nc6 7. O-O d6 8. Na4
a5 9. Nxc5 dxc5 10. b3 Qe7 11. Bb2 Bd7 12. Qd2 Rad8 13. Rad1 b6 14. Ne1 Be8 15.
Nc2 Rd6 16. Rfe1 Nh5 17. e3 Nf6 18. Qc3 Bh5 19. Rd2 e4 20. d4 Rfd8 21. a3 R6d7
22. d5 Na7 23. b4 axb4 24. axb4 c6 25. bxc5 bxc5 26. Bh3 cxd5 27. Bxf5 Rd6 28.
Ra1 Nc6 29. cxd5 Rxd5 30. Rxd5 Nxd5 31. Be6+ Kf8 32. Bxd5 Rxd5 33. Ra8+ Be8 34.
Nd4 Ne5 35. Nb5 Rd1+ 36. Kg2 Nf3 37. Qxg7+ Qxg7 38. Bxg7+ Kf7 39. Ra7+ Bd7 40.
Rxd7+ Rxd7 41. Bh6 Rd3 42. Bf4 Ke6 43. Nc7+ Kd7 44. Na6 Kc6 45. h4 Kb6 46. Nc7
c4 47. Ne6 c3 0-1

[Event "Hilton Open 2012"]
[Site "Basel"]
[Date "2012.01.01"]
[Round "1"]
[White "Alfred, Nathan"]
[Black "Sperzel, Bernd"]
[Result "1-0"]
[WhiteElo "2288"]
[BlackElo "1983"]
[PlyCount "89"]
[EventDate "2012.??.??"]
[EventRounds "7"]
[EventCountry "SUI"]
[SourceDate "2012.01.01"]

1. d4 Nf6 2. Nf3 e6 3. c4 d5 4. Nc3 c6 5. Bg5 Be7 6. cxd5 exd5 7. Qc2 g6 8. e3
Bf5 9. Bd3 Bxd3 10. Qxd3 Nbd7 11. O-O O-O 12. Rab1 Re8 13. b4 Ne4 14. Bxe7 Qxe7
15. b5 Nxc3 16. Qxc3 c5 17. dxc5 Nxc5 18. Rbc1 Ne6 19. Rfd1 Rac8 20. Qxc8 Rxc8
21. Rxc8+ Kg7 22. Rxd5 Nc7 23. Rdd8 Ne6 24. Rg8+ Kf6 25. h4 Qd7 26. Rc1 Qxb5
27. Rgc8 h5 28. R8c2 Kg7 29. Rd2 Nc5 30. Ng5 b6 31. Rcd1 Qa4 32. g3 a5 33. Rb1
f6 34. Nh3 Qc4 35. Nf4 g5 36. hxg5 fxg5 37. Nd5 Nd7 38. Nxb6 Nxb6 39. Rd6 Nc8
40. Rb7+ Ne7 41. Rxe7+ Kf8 42. Ra7 Ke8 43. Rh6 Qc1+ 44. Kg2 Qc3 45. Rhh7 1-0

[Event "Hilton Open 2012"]
[Site "Basel"]
[Date "2012.01.01"]
[Round "1"]
[White "Roesch, Mario"]
[Black "Xheladini, Mahmut"]
[Result "0-1"]
[WhiteElo "1975"]
[BlackElo "2278"]
[PlyCount "70"]
[EventDate "2012.??.??"]
[EventRounds "7"]
[EventCountry "SUI"]
[SourceDate "2012.01.01"]

1. e4 c6 2. d4 d6 3. Nf3 Nd7 4. Bd3 e5 5. c3 Qc7 6. O-O Be7 7. Re1 Ngf6 8. Nbd2
h6 9. Nf1 Nf8 10. Ng3 g6 11. Bc2 h5 12. h3 Ne6 13. a4 h4 14. Nf1 Nh5 15. N3h2
Nef4 16. Ng4 f6 17. Rb1 Be6 18. b4 O-O-O 19. Bb3 Qd7 20. Bxe6 Qxe6 21. b5 c5
22. d5 Qd7 23. Nge3 Rdf8 24. Nc4 Bd8 25. a5 f5 26. Be3 Kb8 27. Nh2 fxe4 28.
Bxc5 dxc5 29. Nxe5 Qf5 30. Nc6+ Ka8 31. Ng4 Qxd5 32. Qxd5 Nxd5 33. Nce5 Nhf4
34. c4 Nc3 35. Ra1 Nd3 0-1

[Event "Hilton Open 2012"]
[Site "Basel"]
[Date "2012.01.01"]
[Round "1"]
[White "Hess, Christian Mathias"]
[Black "Sevenyuk, Alexey"]
[Result "1-0"]
[WhiteElo "2256"]
[BlackElo "1916"]
[PlyCount "57"]
[EventDate "2012.??.??"]
[EventRounds "7"]
[EventCountry "SUI"]
[SourceDate "2012.01.01"]

1. Nf3 e6 2. g3 d5 3. Bg2 Nf6 4. O-O Be7 5. c4 c6 6. d4 O-O 7. Qc2 Ne4 8. Nbd2
Nxd2 9. Bxd2 Nd7 10. e4 dxe4 11. Qxe4 Nf6 12. Qc2 a5 13. Rad1 Qc7 14. Rfe1 Bb4
15. Bf4 Bd6 16. Be5 Ne8 17. Ng5 g6 18. c5 Bxe5 19. dxe5 Qe7 20. Ne4 f5 21. exf6
Nxf6 22. Nxf6+ Qxf6 23. Rd6 Qf5 24. Be4 Qf7 25. Bg2 Qf5 26. Be4 Qf7 27. f4 e5
28. Bd3 Be6 29. Rxe6 1-0

[Event "Hilton Open 2012"]
[Site "Basel"]
[Date "2012.01.01"]
[Round "1"]
[White "Ghader Pour, Shayesteh"]
[Black "Mueller, Louis"]
[Result "1-0"]
[WhiteElo "2242"]
[BlackElo "1828"]
[PlyCount "59"]
[EventDate "2012.??.??"]
[EventRounds "7"]
[EventCountry "SUI"]
[SourceDate "2012.01.01"]

1. e4 e5 2. Nf3 f5 3. Nxe5 Qf6 4. d4 d6 5. Nc4 fxe4 6. Ne3 Nc6 7. c3 Nce7 8. c4
c6 9. Be2 g6 10. Nc3 Nf5 11. d5 Qe7 12. dxc6 bxc6 13. Qa4 Bd7 14. Nxf5 gxf5 15.
Bh5+ Kd8 16. Be3 Nf6 17. Qa5+ Kc8 18. Qa6+ Kb8 19. Be2 Ne8 20. O-O-O Nc7 21.
Qa5 Bc8 22. Bf4 Qd8 23. c5 Ne6 24. Qb4+ Bb7 25. Bxd6+ Bxd6 26. Rxd6 Qg5+ 27.
Kb1 a5 28. Qb6 Nf4 29. Rd7 Ra7 30. Ba6 1-0

[Event "Hilton Open 2012"]
[Site "Basel"]
[Date "2012.01.01"]
[Round "1"]
[White "Benoughidene, Ouaheb"]
[Black "Soulas, Gilles"]
[Result "0-1"]
[WhiteElo "1824"]
[BlackElo "2211"]
[PlyCount "84"]
[EventDate "2012.??.??"]
[EventRounds "7"]
[EventCountry "SUI"]
[SourceDate "2012.01.01"]

1. d4 Nf6 2. c4 c5 3. d5 b5 4. f3 e6 5. Bg5 bxc4 6. e4 exd5 7. exd5 Qe7+ 8. Ne2
Qe5 9. Bxf6 Qxf6 10. Nbc3 d6 11. Qa4+ Nd7 12. Ng3 Be7 13. Nge4 Qh6 14. Qc6 Rb8
15. Bxc4 O-O 16. O-O Ne5 17. Qa4 Rb4 18. Qxa7 Rb7 19. Qa4 Rb4 20. Qa7 Nxc4 21.
Qxe7 Rxb2 22. Rab1 Rxb1 23. Rxb1 Qe3+ 24. Kh1 f5 25. Qg5 fxe4 26. Qxe3 Nxe3 27.
Nxe4 Bf5 28. Re1 Bxe4 29. fxe4 Rf1+ 30. Rxf1 Nxf1 31. Kg1 Nd2 32. Kf2 Nxe4+ 33.
Ke3 Nc3 34. a3 Kf7 35. Kd3 Nxd5 36. Kc4 Ke6 37. g3 Nc7 38. a4 Kd7 39. h4 Kc6
40. g4 d5+ 41. Kc3 Kb6 42. Kb3 Ka5 0-1

[Event "Hilton Open 2012"]
[Site "Basel"]
[Date "2012.01.02"]
[Round "2"]
[White "Bartel, Mateusz"]
[Black "Wirthensohn, Heinz"]
[Result "1-0"]
[WhiteElo "2658"]
[BlackElo "2352"]
[PlyCount "81"]
[EventDate "2012.??.??"]
[EventRounds "7"]
[EventCountry "SUI"]
[SourceDate "2012.01.01"]

1. d4 d5 2. c4 c6 3. Nf3 Nf6 4. Qb3 dxc4 5. Qxc4 Be6 6. Qa4 Bf5 7. g3 e6 8. Bg2
Be7 9. Nc3 Nbd7 10. O-O Ne4 11. Ne1 Nef6 12. e4 Bg6 13. Qb3 Qb6 14. Qc4 Qb4 15.
Qd3 O-O 16. Nc2 Qb6 17. h3 Rad8 18. Qe2 h6 19. Rd1 Rfe8 20. Na3 Bf8 21. Be3
Bxa3 22. bxa3 Qa5 23. Qb2 e5 24. Qb4 Qxb4 25. axb4 exd4 26. Rxd4 Nb6 27. Rad1
Rxd4 28. Rxd4 Nfd7 29. Rd1 f6 30. a4 Ne5 31. a5 Nc8 32. f4 Nc4 33. Bf2 a6 34.
Bc5 b6 35. axb6 N8xb6 36. Ra1 Ra8 37. e5 fxe5 38. fxe5 Be8 39. e6 g5 40. Rf1
Rc8 41. Rf8+ 1-0

[Event "Hilton Open 2012"]
[Site "Basel"]
[Date "2012.01.02"]
[Round "2"]
[White "Toth, Bela"]
[Black "Turov, Maxim"]
[Result "0-1"]
[WhiteElo "2350"]
[BlackElo "2645"]
[PlyCount "96"]
[EventDate "2012.??.??"]
[EventRounds "7"]
[EventCountry "SUI"]
[SourceDate "2012.01.01"]

1. d4 Nf6 2. c4 c5 3. d5 b5 4. cxb5 a6 5. bxa6 g6 6. Nc3 Bxa6 7. g3 Bg7 8. Bg2
d6 9. Nf3 Nbd7 10. Rb1 Nb6 11. b3 Bb7 12. Nh4 O-O 13. O-O Ne8 14. Qc2 Nc7 15.
e4 e6 16. dxe6 Nxe6 17. Bb2 Nd4 18. Qd1 Nd7 19. Nf3 Nxf3+ 20. Bxf3 Qa5 21. Qc2
Ne5 22. Be2 Nc6 23. Bc4 Nd4 24. Qd3 Kh8 25. Nd5 Qxa2 26. b4 Qa7 27. bxc5 dxc5
28. Ra1 Qb8 29. Rxa8 Bxa8 30. Ba3 Qa7 31. Bc1 f5 32. f3 Nc6 33. Bf4 Ne5 34.
Bxe5 Bxe5 35. exf5 Rxf5 36. Ne3 Bd4 37. Kg2 Rf8 38. Nd5 Qb8 39. Re1 Qd6 40. Nf4
g5 41. Ne6 Bxf3+ 42. Qxf3 Rxf3 43. Kxf3 h5 44. Re4 Bf6 45. h3 Qd1+ 46. Kg2 Qc2+
47. Kf3 Qc3+ 48. Kg2 Be5 0-1

[Event "Hilton Open 2012"]
[Site "Basel"]
[Date "2012.01.02"]
[Round "2"]
[White "Fier, Alexandr"]
[Black "Grandadam, Nicolas"]
[Result "1-0"]
[WhiteElo "2603"]
[BlackElo "2342"]
[PlyCount "57"]
[EventDate "2012.??.??"]
[EventRounds "7"]
[EventCountry "SUI"]
[SourceDate "2012.01.01"]

1. d4 d5 2. c4 e6 3. Nf3 Nf6 4. e3 c6 5. Nc3 Nbd7 6. Bd3 dxc4 7. Bxc4 b5 8. Bd3
Bd6 9. O-O O-O 10. Qc2 Bb7 11. Rd1 a6 12. Ng5 Bxh2+ 13. Kxh2 Ng4+ 14. Kg1 Qxg5
15. f3 Ngf6 16. e4 Qh4 17. Be3 e5 18. Ne2 Rfd8 19. b4 Ne8 20. Qc3 Qe7 21. Bc2
Rac8 22. Bb3 exd4 23. Rxd4 Nf8 24. Rxd8 Rxd8 25. Nd4 Qe5 26. Rc1 Rd6 27. Nxc6
Qh5 28. Ne7+ Kh8 29. Nf5 1-0

[Event "Hilton Open 2012"]
[Site "Basel"]
[Date "2012.01.02"]
[Round "2"]
[White "Milosevic, Goran"]
[Black "Pelletier, Yannick"]
[Result "0-1"]
[WhiteElo "2340"]
[BlackElo "2589"]
[PlyCount "86"]
[EventDate "2012.??.??"]
[EventRounds "7"]
[EventCountry "SUI"]
[SourceDate "2012.01.01"]

1. e4 c5 2. Nf3 d6 3. d4 cxd4 4. Nxd4 Nf6 5. Nc3 a6 6. g3 e5 7. Nb3 Be7 8. Bg2
b5 9. O-O O-O 10. h3 Nbd7 11. Re1 Nb6 12. a3 Qc7 13. Nd2 Be6 14. Nf1 Rfc8 15.
Ne3 Rab8 16. Bd2 Qb7 17. f4 exf4 18. gxf4 Qc7 19. Kh1 Re8 20. Qf3 Bf8 21. Rad1
Bc8 22. Bc1 Bb7 23. Ng4 Nbd7 24. Qg3 g6 25. Nf2 Rbd8 26. Be3 Bg7 27. Qh4 Bc6
28. Bd4 a5 29. Ng4 Nxg4 30. Bxg7 Kxg7 31. hxg4 b4 32. axb4 axb4 33. Nb1 Nc5 34.
Qf2 Kg8 35. Nd2 b3 36. Nxb3 Nxe4 37. Qh4 d5 38. Rf1 g5 39. Qh2 Bb5 40. Bxe4
dxe4 41. Qh5 f6 42. fxg5 e3 43. Rxd8 Bc6+ 0-1

[Event "Hilton Open 2012"]
[Site "Basel"]
[Date "2012.01.02"]
[Round "2"]
[White "Vorobiov, Evgeny E"]
[Black "Kolbus, Dietmar"]
[Result "1/2-1/2"]
[WhiteElo "2589"]
[BlackElo "2325"]
[PlyCount "182"]
[EventDate "2012.??.??"]
[EventRounds "7"]
[EventCountry "SUI"]
[SourceDate "2012.01.01"]

1. d4 d5 2. c4 c6 3. Nf3 Nf6 4. e3 e6 5. Bd3 Nbd7 6. O-O Bd6 7. Nbd2 O-O 8. e4
dxe4 9. Nxe4 Nxe4 10. Bxe4 h6 11. Bc2 c5 12. b3 cxd4 13. Qxd4 Bc5 14. Qc3 Re8
15. Bb2 Qf6 16. Qd2 Qe7 17. Rad1 a5 18. Nd4 Bxd4 19. Qxd4 f6 20. Bg6 Rf8 21.
Rfe1 Ne5 22. Bb1 Nc6 23. Qd3 g5 24. Qh3 Qg7 25. Be4 e5 26. Qf3 Ra6 27. Rd2 Rd8
28. Red1 Rxd2 29. Rxd2 Qe7 30. Qh5 Nd4 31. Bxd4 exd4 32. Rxd4 f5 33. Bd5+ Kg7
34. Qd1 Rf6 35. Rd2 b6 36. Re2 Qd6 37. Qe1 Bd7 38. h3 Kg6 39. Re8 Rf8 40. Rxf8
Qxf8 41. Qe2 Qf6 42. g3 h5 43. Kg2 h4 44. gxh4 gxh4 45. Qe3 f4 46. Qe4+ Kh6 47.
a3 Qg6+ 48. Qxg6+ Kxg6 49. b4 axb4 50. axb4 Kf6 51. c5 bxc5 52. bxc5 Ke5 53.
Bf3 Bb5 54. Bb7 Be2 55. Ba8 Bd1 56. Kf1 Bb3 57. Ke1 Be6 58. Bg2 Kd4 59. c6 Kc5
60. Kd2 Kd6 61. Kd3 Bf5+ 62. Kd4 Be6 63. c7 f3 64. Bf1 Kxc7 65. Ke5 Kd7 66. Kf4
Ke7 67. Kg5 Kf7 68. Kxh4 Kf6 69. Kg3 Bd5 70. Kf4 Bc6 71. Bd3 Bd5 72. h4 Bc6 73.
h5 Bd5 74. h6 Bc6 75. Be4 Ba4 76. Kxf3 Bd1+ 77. Ke3 Bh5 78. f4 Bg4 79. Kd4 Be6
80. Kc5 Bg4 81. Kd6 Bh3 82. Kc7 Bg4 83. Kd8 Kf7 84. Bd3 Bh3 85. Kc7 Bg4 86. Kd6
Kf6 87. Be4 Bh3 88. h7 Kg7 89. Ke7 Bg4 90. Bd5 Bf5 91. Bg8 Bd3 1/2-1/2

[Event "Hilton Open 2012"]
[Site "Basel"]
[Date "2012.01.02"]
[Round "2"]
[White "Metz, Hartmut"]
[Black "Ghaem Maghami, Ehsan"]
[Result "0-1"]
[WhiteElo "2319"]
[BlackElo "2570"]
[PlyCount "62"]
[EventDate "2012.??.??"]
[EventRounds "7"]
[EventCountry "SUI"]
[SourceDate "2012.01.01"]

1. e4 c5 2. Nf3 d6 3. d4 cxd4 4. Nxd4 Nf6 5. Nc3 a6 6. Bg5 e6 7. Qd2 Be7 8.
O-O-O Qc7 9. f4 Nbd7 10. Be2 h6 11. Bxf6 Bxf6 12. Bf3 Nb6 13. Qd3 Bd7 14. g4 g5
15. Nde2 gxf4 16. Qxd6 Qxd6 17. Rxd6 Nc4 18. Rdd1 Rc8 19. h4 b5 20. Nd4 Rg8 21.
Nce2 Be5 22. Rhg1 Ke7 23. Kb1 a5 24. c3 b4 25. cxb4 axb4 26. Nc1 Ba4 27. Ncb3
Bxb3 28. Nxb3 Nxb2 29. Rc1 Na4 30. Rxc8 Rxc8 31. Bd1 Nc3+ 0-1

[Event "Hilton Open 2012"]
[Site "Basel"]
[Date "2012.01.02"]
[Round "2"]
[White "Vulevic, Vjekoslav"]
[Black "Hera, Imre Jr"]
[Result "0-1"]
[WhiteElo "2294"]
[BlackElo "2558"]
[PlyCount "61"]
[EventDate "2012.??.??"]
[EventRounds "7"]
[EventCountry "SUI"]
[SourceDate "2012.01.01"]

1. e4 c6 2. d3 d5 3. Nd2 g6 4. Ngf3 Bg7 5. Be2 e5 6. O-O Ne7 7. Re1 O-O 8. Bf1
Nd7 9. c3 f5 10. b4 h6 11. a4 g5 12. b5 Ng6 13. bxc6 bxc6 14. exf5 Rxf5 15. h3
Rf7 16. Ra2 Nc5 17. d4 exd4 18. cxd4 Ne6 19. Nb3 Bd7 20. Ne5 Nxe5 21. dxe5 Qc7
22. Rae2 Re8 23. g3 Bc8 24. Ba3 Ba6 25. Re3 Bxf1 26. Kxf1 Qb6 27. Qd3 d4 28.
R3e2 c5 29. Qc4 Rf3 30. Rb2 Rc3 31. Qb5 0-1